000 00514nam a2200181Ia 4500
005 20250326140329.0
008 250326s9999 xx 000 0 und d
037 _aTextbook
040 _aFMSL
_beng
_cFMSL
041 _aeng
_2eng
084 _aX:8:b6 M1
_qFMSL
100 _aMason R O
_9742067
245 0 _aMeasurement for management decision
_cMason R O; Swanson E B
260 _aLondon
_bLondon, Addison-Wesley
_c1981
300 _a550p
942 _cTB
_hX:8:b6 M1
999 _c1285279
_d1285279